Ronda Rousey's WrestleMania Opponents - Statistics

General Stats
  • This quiz has been taken 13 times
  • The average score is 8 of 11
Answer Stats
WrestleMania Opponent % Correct
WrestleMania 35 Becky Lynch
100%
WrestleMania 38 Charlotte Flair
100%
WrestleMania 35 Charlotte Flair
89%
WrestleMania 34* Stephanie McMahon
89%
WrestleMania 39 Liv Morgan
78%
WrestleMania 39 Natalya
78%
WrestleMania 34* Triple H
78%
WrestleMania 39 Raquel Rodriguez
67%
WrestleMania 39 Sonya Deville
67%
WrestleMania 39 Chelsea Green
44%
WrestleMania 39 Shotzi
44%
No matching quizzes found
Score Distribution
Percent of People with Each Score
Percentile by Number Answered
Your Score History
You have not taken this quiz